<?xml version="1.0" encoding="UTF-8"?>
<record
    xmlns:xsi="http://www.w3.org/2001/XMLSchema-instance"
    xsi:schemaLocation="http://www.loc.gov/MARC21/slim http://www.loc.gov/standards/marcxml/schema/MARC21slim.xsd"
    xmlns="http://www.loc.gov/MARC21/slim">

  <leader>00998nam a22002177a 4500</leader>
  <controlfield tag="005">20220509113725.0</controlfield>
  <controlfield tag="008">220509b           ||||| |||| 00| 0 eng d</controlfield>
  <datafield tag="040" ind1=" " ind2=" ">
    <subfield code="c">Aloy</subfield>
  </datafield>
  <datafield tag="041" ind1=" " ind2=" ">
    <subfield code="a">kan</subfield>
  </datafield>
  <datafield tag="082" ind1=" " ind2=" ">
    <subfield code="2">23</subfield>
    <subfield code="a">297.72K</subfield>
    <subfield code="b">KATV</subfield>
  </datafield>
  <datafield tag="100" ind1=" " ind2=" ">
    <subfield code="a">Mahabaleshwara Katrahalli: &#xCAE;&#xCB9;&#xCBE;&#xCAC;&#xCB2;&#xCC7;&#xCB6;&#xCCD;&#xCB5;&#xCB0; &#xC95;&#xCBE;&#xC9F;&#xCCD;&#xCB0;&#xCB9;&#xCB3;&#xCCD;&#xCB3;&#xCBF; </subfield>
    <subfield code="9">34962</subfield>
  </datafield>
  <datafield tag="245" ind1=" " ind2=" ">
    <subfield code="a">Vicharadodane jihad: &#xCB5;&#xCBF;&#xC9A;&#xCBE;&#xCB0;&#xCA6;&#xCCA;&#xCA1;&#xCA8;&#xCC6; &#xC9C;&#xCBF;&#xCB9;&#xCBE;&#xCA6;&#xCCD; </subfield>
  </datafield>
  <datafield tag="260" ind1=" " ind2=" ">
    <subfield code="a">Ballari:</subfield>
    <subfield code="b">Apoorva Prakashana,</subfield>
    <subfield code="c">2003.</subfield>
  </datafield>
  <datafield tag="300" ind1=" " ind2=" ">
    <subfield code="a">xiv,330p.</subfield>
    <subfield code="b">PB</subfield>
    <subfield code="c">21x13cm.</subfield>
  </datafield>
  <datafield tag="365" ind1=" " ind2=" ">
    <subfield code="2">Religion</subfield>
    <subfield code="b">160.00</subfield>
    <subfield code="c">&#x20B9;</subfield>
    <subfield code="d">160.00</subfield>
  </datafield>
  <datafield tag="650" ind1=" " ind2=" ">
    <subfield code="a">Jihad parikalpane: &#xC9C;&#xCBF;&#xCB9;&#xCBE;&#xCA6;&#xCCD; &#xCAA;&#xCB0;&#xCBF;&#xC95;&#xCB2;&#xCCD;&#xCAA;&#xCA8;&#xCC6; </subfield>
    <subfield code="9">34755</subfield>
  </datafield>
  <datafield tag="650" ind1=" " ind2=" ">
    <subfield code="a">Kashmira Islam Sufi:  &#xC95;&#xCBE;&#xCB6;&#xCCD;&#xCAE;&#xCC0;&#xCB0; &#xC87;&#xCB8;&#xCCD;&#xCB2;&#xCBE;&#xC82; &#xCB8;&#xCC2;&#xCAB;&#xCBF; </subfield>
    <subfield code="9">34756</subfield>
  </datafield>
  <datafield tag="650" ind1=" " ind2=" ">
    <subfield code="a">Dharma Ahimse Jatyatitate: &#xCA7;&#xCB0;&#xCCD;&#xCAE; &#xC85;&#xCB9;&#xCBF;&#xC82;&#xCB8;&#xCC6; &#xC9C;&#xCBE;&#xCA4;&#xCCD;&#xCAF;&#xCA4;&#xCC0;&#xCA4;&#xCA4;&#xCC6; </subfield>
    <subfield code="9">34757</subfield>
  </datafield>
  <datafield tag="700" ind1=" " ind2=" ">
    <subfield code="a">KATRAHALLI (Mahabaleshwara): &#xC95;&#xCBE;&#xC9F;&#xCCD;&#xCB0;&#xCB9;&#xCB3;&#xCCD;&#xCB3;&#xCBF; (&#xCAE;&#xCB9;&#xCBE;&#xCAC;&#xCB2;&#xCC7;&#xCB6;&#xCCD;&#xCB5;&#xCB0;)</subfield>
    <subfield code="9">34758</subfield>
  </datafield>
  <datafield tag="942" ind1=" " ind2=" ">
    <subfield code="2">ddc</subfield>
    <subfield code="c">GF</subfield>
  </datafield>
  <datafield tag="999" ind1=" " ind2=" ">
    <subfield code="c">222836</subfield>
    <subfield code="d">222836</subfield>
  </datafield>
  <datafield tag="952" ind1=" " ind2=" ">
    <subfield code="0">0</subfield>
    <subfield code="1">0</subfield>
    <subfield code="2">ddc</subfield>
    <subfield code="4">0</subfield>
    <subfield code="7">0</subfield>
    <subfield code="8">OTH</subfield>
    <subfield code="a">AL</subfield>
    <subfield code="b">AL</subfield>
    <subfield code="d">2013-03-24</subfield>
    <subfield code="l">0</subfield>
    <subfield code="o">297.72K KATV</subfield>
    <subfield code="p">GF02946</subfield>
    <subfield code="r">2022-05-09 00:00:00</subfield>
    <subfield code="w">2022-05-09</subfield>
    <subfield code="y">GF</subfield>
  </datafield>
  <datafield tag="952" ind1=" " ind2=" ">
    <subfield code="0">0</subfield>
    <subfield code="1">0</subfield>
    <subfield code="2">ddc</subfield>
    <subfield code="4">0</subfield>
    <subfield code="7">0</subfield>
    <subfield code="8">OTH</subfield>
    <subfield code="a">AL</subfield>
    <subfield code="b">AL</subfield>
    <subfield code="d">2013-03-24</subfield>
    <subfield code="l">0</subfield>
    <subfield code="o">297.72K KATV</subfield>
    <subfield code="p">GF02890</subfield>
    <subfield code="r">2022-05-09 00:00:00</subfield>
    <subfield code="w">2022-05-09</subfield>
    <subfield code="y">GF</subfield>
  </datafield>
</record>
